Applied algebra for the computer sciences /

Guardado en:
Autor Principal: Gill, Arthur, 1930-
Formato: Libro
Idioma:English
Publicado: Englewood Cliffs, N.J. : Prentice-Hall, c1976.
Series:Prentice-Hall series in automatic computation
Materias:
Etiquetas: Agregar Etiqueta
Sin Etiquetas, Sea el primero en etiquetar este registro!
LEADER 00724pam a2200217 a 4500
001 MAT.inmabb004495
008 750123s1976####njua#####b####001#0#eng##
005 20160607160550.0
245 1 0 |a Applied algebra for the computer sciences /  |c Arthur Gill. 
260 |a Englewood Cliffs, N.J. :  |b Prentice-Hall,  |c c1976. 
300 |a xv, 432 p. :  |b il. ;  |c 24 cm. 
440 0 |a Prentice-Hall series in automatic computation 
504 |a Incluye referencias bibliográficas e índice. 
020 |a 0130392227 
100 1 |a Gill, Arthur,  |d 1930- 
650 0 |a Algebra, Abstract. 
650 0 |a Machine theory. 
084 |a 68Rxx (00A05)  |2 msc2000 
010 |a  75002110  
040 |a DLC  |c DLC  |d DLC 
859 |h 68  |i G475  |p A-4510  |b BIB. MATEMATICA